| 000 | 00512nam a22001817a 4500 | ||
|---|---|---|---|
| 005 | 20251108165221.0 | ||
| 008 | 250721s1992 xx 000 0 ara d | ||
| 082 | 1 | 4 | _a611/سنل |
| 100 | 1 | _aسنل، | |
| 245 | 1 | 0 |
_aعلم التشريح السريري : _bالبطن - الحوض - العجان / |
| 264 | _c1992. | ||
| 300 | _a268ص | ||
| 650 | 1 | 7 | _aالتشريح |
| 700 | 1 |
_aعشمة، بسام _eترجمة |
|
| 700 | 1 |
_aروفائيل، عميد _eترجمة |
|
| 942 |
_2ddc _cBK |
||
| 999 |
_c22399 _d22399 |
||